01374cab a2200349Ia 4500001000800000003000600008008004100014040000800055041001300063090002500076100001700101240007700118245010100195246010700296300001600403504002500419520016400444546002300608650003100631650002300662650002300685650003900708650002400747700002000771700001600791700002300807773008000830856007900910596000600989942001200995999001701007u189712SIRSI110222s2008 ua ss b eng d aEAL aengbara aART EPSJ V28 NoIV 191 aRoushdy, Kh.10aEgyptian poultry science journal, 2008 v. 28 (IV)h[electronic resouce].10aGenetic characterization among fayoumi breed using microsatellite markersh[electronic resouce].15aالتوصيف الوراثى للدجاج الفيومى باستخدام الميكروستلايت. ap.1287-1301 aIncludes references. aThis study represents the first results on assessing the genetic characterization of three populations generated from Egyptian Fayoumi native breed (P, G & R). aSummary in Arabic. 0aMicrosatellites (Genetics) 0aPoultryxBreeding. 0aPoultryxGenetics. 0aClassification (Conflict of laws). 0aPoultryxMarketing.1 aTantawi, T.M.A.1 aSwefy, S.A.1 aSaifelnasr, E.O.H.0 tEgyptian Poultry Science Journal. g2008.v.28(IV)x1110-56237nnaswu18906640uhttp://nile.enal.sci.eg/EALE/2008/EPSJ/2808/IV/1287.pdfzFull Text Article a1 cAR2lcc c44409d44409